|
|
|
|
| LEADER |
00000ckm a2200000 a 4500 |
| 001 |
vtls008187902 |
| 003 |
SK-MaSNL |
| 005 |
20260504113216.0 |
| 007 |
kf co |
| 008 |
230718s1975 xo g kuslo |
| 015 |
|
|
|a SNBG1975
|
| 035 |
|
|
|a urn:nbn:sk:snk-km00du8x
|
| 035 |
|
|
|a urn:nbn:sk:snk-km3ltsw
|
| 035 |
|
|
|a F8E35C06-BB8D-44B3-8768-68E94A64793E
|
| 040 |
|
|
|a SNK
|b slo
|c SNK
|e AACR2
|
| 041 |
0 |
|
|a slo
|
| 043 |
|
|
|a e-xo---
|
| 044 |
|
|
|a xo
|c SK
|
| 072 |
|
7 |
|a 913
|x Regionálna geografia
|2 konspekt
|
| 080 |
|
|
|a 913(437.6)
|2 2011
|
| 080 |
|
|
|a (084.121)
|2 2011
|
| 080 |
|
|
|a 725.948
|2 2011
|
| 080 |
|
|
|a 725.945
|2 2011
|
| 080 |
|
|
|a 711.582
|2 2011
|
| 080 |
|
|
|a 725.1:613.47-026.912
|2 2011
|
| 080 |
|
|
|a 711.61
|2 2011
|
| 080 |
|
|
|a 373.5
|2 2011
|
| 110 |
1 |
|
|a Pravda (vydavateľstvo : Bratislava, Slovensko).
|b Archív
|4 aut
|9 296607
|
| 245 |
1 |
0 |
|a Prievidza
|h grafika
|b námestie : pamätník P. O. Hviezdoslava, v pozadí gymnázium : fontána pred budovou ONV : Časť sídliska : plážové kúpalisko
|c foto archív
|
| 246 |
1 |
|
|i Názov na obrazovej časti:
|a Prievidza
|
| 260 |
|
|
|a Bratislava
|b Pravda
|c 1975
|
| 300 |
|
|
|a 1 pohľadnica (5 čiastkových pohľadov)
|b farebná
|c 15 x 11 cm
|
| 520 |
8 |
|
|a Zobrazenie: Päť čiastkových pohľadov, každý v tenkom bielom orámovaní, všetky spolu v zlatom orámovaní. pohľad na fontánu. Pohľad na pamätník P. O. Hviezdoslava. Pohľad na fontánu z iného uhlu. Pohľad na časť sídliska. Pohľad na jazero a kúpajúcich sa a slniacich sa ľudí
|
| 600 |
1 |
7 |
|a Hviezdoslav, Pavol Országh,
|d 1849-1921
|2 SNKKA
|9 92721
|
| 650 |
0 |
7 |
|a fontány
|2 SNKPH
|9 3014
|
| 650 |
0 |
7 |
|a pamätníky
|2 SNKPH
|9 25601
|
| 650 |
0 |
7 |
|a sídliská
|2 SNKPH
|9 26585
|
| 650 |
0 |
7 |
|a kúpaliská
|2 SNKPH
|9 4394
|
| 650 |
0 |
7 |
|a námestia
|2 SNKPH
|9 26291
|
| 650 |
0 |
7 |
|a gymnáziá
|2 SNKPH
|9 16386
|
| 651 |
|
7 |
|a Prievidza (Slovensko)
|2 SNK
|9 25558
|
| 655 |
|
7 |
|a miestne pohľadnice
|2 SNKPH
|9 70510
|
| 852 |
|
|
|a Slovenská národná knižnica
|
| 954 |
|
|
|a pohľadnice pôvodné (slovenské)
|2 lita
|
| 958 |
|
|
|a GBN
|
| 958 |
|
|
|a GC
|
| 958 |
|
|
|a OND
|
| 958 |
|
|
|a EUIPO
|
| 999 |
|
|
|c 1163591
|d 1165521
|
| 952 |
|
|
|a SNK
|b SNK
|y PREZ
|7 0
|p 17A0481202
|o snkSP 76560
|3 rekatalogizácia
|0 0
|1 0
|4 0
|d 2005-08-03
|f 1
|l 0
|r 2026-02-24 20:40:46
|w 2026-02-24
|